Prosodia y ortografía de las vocales españolas y teoría de la diptongación (Record no. 99631)

MARC details
000 -LEADER
campo de control de longitud fija 00611nam a2200157 i 4500
001 - NÚMERO DE CONTROL
campo de control 99631
003 - IDENTIFICADOR DE NÚMERO DE CONTROL
campo de control ES-MaACL
005 - FECHA Y HORA DE LA ÚLTIMA TRANSACCIÓN
campo de control 20230906182529.0
007 - CAMPO FIJO DE DESCRIPCIÓN FÍSICA--INFORMACIÓN GENERAL
campo de control de longitud fija t|
008 - DATOS DE LONGITUD FIJA--INFORMACIÓN GENERAL
campo de control de longitud fija 050914s1955 sp ||||1| spa d
100 1# - ENTRADA PRINCIPAL--NOMBRE DE PERSONA
Nombre de persona Martínez de Abaria, Augusto.
9 (RLIN) 77970
245 10 - MENCIÓN DEL TÍTULO
Título Prosodia y ortografía de las vocales españolas y teoría de la diptongación
Resto del título : con un vocabulario de las palabras que deben escribirse con diéresis en español /
Mención de responsabilidad, etc. Augusto Martínez de Abaria.
260 ## - PUBLICACIÓN, DISTRIBUCIÓN, ETC.
Lugar de publicación, distribución, etc. Madrid :
Nombre del editor, distribuidor, etc. [s.n.],
Fecha de publicación, distribución, etc. 1955 (
Fabricante Graf. Orbe)
300 ## - DESCRIPCIÓN FÍSICA
Extensión 242 p. :
Otras características físicas 2 gráf. pleg. ;
Dimensiones 21 cm.
852 ## - LOCALIZACIÓN
Ubicación ES-MaACL
Número de control de estantería C-10369
Sublocalización o colección R.38713
Holdings
Estatus retirado Estado de pérdida Estado de daño No para préstamo Biblioteca de origen Biblioteca actual Ubicación en estantería Fecha de adquisición Fuente de adquisición Total de préstamos Signatura topográfica completa Código de barras Visto por última vez Precio de reemplazo Tipo de ítem Koha
        Biblioteca del Ateneo de Madrid Biblioteca del Ateneo de Madrid Sala Palomar 17/01/2008     C-10369 1104032 23/02/2023 23/02/2023 Libro impreso